| Tag |
First Indicator |
Second Indicator |
Subfields |
| LEADER |
00000cam a2200000 4500 |
| 001 |
in00000030553 |
| 005 |
20151007061636.0 |
| 008 |
720706s1966 ohu b 00000 eng |
| 010 |
|
|
|a 65024645
|
| 035 |
|
|
|a (OCoLC)00349714
|
| 035 |
|
|
|9 AAD2650AM
|
| 040 |
|
|
|a DLC
|c WSU
|d OCL
|d TXA
|d UtOrBLW
|
| 049 |
|
|
|a TXAM
|c [469368]
|
| 050 |
|
0 |
|a PR431
|b .K5
|
| 092 |
|
|
|a 820.9
|b K53s
|
| 100 |
1 |
|
|a King, James Roy.
|
| 245 |
1 |
0 |
|a Studies in six 17th century writers.
|
| 264 |
|
1 |
|a Athens :
|b Ohio University Press,
|c [1966]
|
| 300 |
|
|
|a xi, 236 pages ;
|c 22 cm.
|
| 336 |
|
|
|a text
|b txt
|2 rdacontent
|
| 337 |
|
|
|a unmediated
|b n
|2 rdamedia
|
| 338 |
|
|
|a volume
|b nc
|2 rdacarrier
|
| 504 |
|
|
|a Bibliographical references included in "Notes."
|
| 650 |
|
0 |
|a English literature
|y Early modern, 1500-1700
|x History and criticism.
|
| 999 |
|
|
|a MARS
|
| 999 |
f |
f |
|s 32eb7ef8-2c8f-3664-86da-9467e4ec4016
|i a9add869-4227-3138-b0eb-3b8fa670b7c2
|t 0
|
| 952 |
f |
f |
|p normal
|a Texas A&M University
|b College Station
|c Sterling C. Evans Library
|d Evans: Library Stacks
|t 0
|e PR431 .K5
|h Library of Congress classification
|i unmediated -- volume
|m A14801272178
|
| 998 |
f |
f |
|a PR431 .K5
|t 0
|l Evans: Library Stacks
|